000 00375 a2200157 4500
001 193047
020 _a978-85-7412-507-7
040 _cMagnum
100 _aKing, Stephen Michael
240 1 0 _aO caracol e a tartaruga são amigos
_lpor
245 1 0 _aO caracol e a tartaruga são amigos
300 _a32
362 0 _a2015
697 _aLITERATURA INFANTIL
942 _cBK
999 _c193047
_d193047